000 00925nam a22002537a 4500
999 _c63708
_d63708
005 20240530110655.0
008 171218s2015 ua a f b 000 0aara d
017 _a2015/7097
_bمصر. دار الكتب
020 _a9789774279867
040 _aEG-CaGPL
_cEG-CaGPL
082 0 4 _221
_a368\
_bط إ
100 0 _aطارق قندوز
245 1 2 _aالابداع التسويقى لوثائق التأمين /
_cطارق قندوز ، محمد سليمانى .
250 _aط.1
260 _aالقاهرة :
_bالدار المصرية اللبنانية ،
_c2015 .
300 _a285 ص. ؛
_c24 سم.
504 _aببليوجرافية : ص 265 - 285
650 0 7 _2qrmak
_aالتسويق
650 0 7 _2qrmak
_aشركات التأمين
650 0 7 _2qrmak
_aالتأمين
700 0 _aمحمد سليمانى
_eمؤلف مشارك
942 _2ddc
_cBK